| 000 | 00524nam a22001817a 4500 | ||
|---|---|---|---|
| 003 | LK-CoMWRAF | ||
| 005 | 20240217002826.0 | ||
| 008 | 231208b |||||||| |||| 00| 0 eng d | ||
| 020 | _a9556250212 | ||
| 040 |
_aLK-CoMWRAF _dLK-CoMWRAF _eLK-CoMWRAF |
||
| 041 | _atam | ||
| 082 |
_a821 _bCUL |
||
| 100 | _aசுல்பிகா | ||
| 245 | _aஉரத்து பேசும் உள்மனம் | ||
| 260 |
_aColombo : _bMuslim Women's Research and Action Forum - MWRAF, _c2003 |
||
| 300 | _a101 p. | ||
| 942 | _cBK | ||
| 999 |
_c4320 _d4320 |
||